[Event "3MCR_4D_2LB_2S"]
[Site "?"]
[Date "1999.??.??"]
[Round "2"]
[White "Obsivac, Jan"]
[Black "Humpolak, Jiri"]
[Result "1-0"]
[WhiteElo "2400"]
[BlackElo "1815"]
[PlyCount "61"]
[EventDate "1999.??.??"]
[EventType "corr"]

1. d4 Nf6 2. c4 e6 3. Nf3 b6 4. a3 Be7 5. Nc3 d5 6. cxd5 Nxd5 7. e4 Nxc3 8.
bxc3 Bb7 9. Bb5+ c6 10. Bd3 O-O 11. Qe2 c5 12. O-O cxd4 13. cxd4 Bf6 14. Bb2
Nc6 15. Rad1 Rc8 16. d5 exd5 17. e5 Bg5 18. Bf5 Rc7 19. e6 Kh8 20. exf7 Rcxf7
21. Be6 Re8 22. Rfe1 Rff8 23. Rxd5 Qxd5 24. Bxd5 Rxe2 25. Rxe2 Bf4 26. g3 Bb8
27. Ng5 Nd8 28. Re7 Bxd5 29. Rxg7 Nc6 30. Rxh7+ Kg8 31. Rh8# 1-0

[Event "3MCR_4D_2LB_2S"]
[Site "?"]
[Date "1999.??.??"]
[Round "2"]
[White "Rachunek, Milan"]
[Black "Postupa, Pavel"]
[Result "1-0"]
[WhiteElo "2165"]
[BlackElo "1910"]
[PlyCount "47"]
[EventDate "1999.??.??"]
[EventType "corr"]

1. d4 e6 2. c4 b6 3. Nc3 Bb4 4. e4 Bb7 5. f3 f5 6. exf5 exf5 7. Bf4 Nc6 8. a3
Qe7+ 9. Kf2 Bxc3 10. bxc3 g5 11. Qd2 O-O-O 12. Bxg5 Nf6 13. Bd3 h6 14. Bxh6 Na5
15. Bg5 Rdg8 16. Re1 Qg7 17. h4 Nh7 18. Nh3 Qf7 19. Qf4 Nxc4 20. Re7 Qd5 21.
Bxf5 Nxg5 22. Rxd7 Nxh3+ 23. Rxh3 Qxd7 24. Bxd7+ 1-0

[Event "3MCR_4D_2LB_2S"]
[Site "?"]
[Date "1999.??.??"]
[Round "2"]
[White "Canibal, Jaromir"]
[Black "Krcmar, Jiri"]
[Result "1/2-1/2"]
[WhiteElo "2005"]
[BlackElo "2240"]
[PlyCount "76"]
[EventDate "1999.??.??"]
[EventType "corr"]

1. e4 c5 2. c3 d5 3. exd5 Qxd5 4. Nf3 e6 5. d4 a6 6. Be2 cxd4 7. cxd4 Nf6 8.
Nc3 Qd6 9. O-O Be7 10. Bg5 O-O 11. Rc1 Nc6 12. Bxf6 Bxf6 13. Ne4 Qf4 14. Nxf6+
Qxf6 15. Bd3 Rd8 16. Rc4 h6 17. Qc2 Bd7 18. Bh7+ Kf8 19. Be4 Qe7 20. a3 Be8 21.
Re1 Qd6 22. Qc3 Rab8 23. Rc1 Ne7 24. Qc2 Bb5 25. Rc3 f5 26. Bd3 Bc6 27. Ne5
Qxd4 28. Nxc6 Nxc6 29. Bc4 Qd2 30. Qb1 Rd6 31. R3c2 Qd4 32. Re2 Qf6 33. Ba2 e5
34. Ree1 Rbd8 35. Qc2 g6 36. Qb3 Qg7 37. f3 R8d7 38. Qc3 Rd2 1/2-1/2

[Event "3MCR_4D_2LB_2S"]
[Site "?"]
[Date "1999.??.??"]
[Round "2"]
[White "Humpolak, Jiri"]
[Black "Veselsky, Michal"]
[Result "0-1"]
[WhiteElo "1815"]
[BlackElo "1600"]
[PlyCount "60"]
[EventDate "1999.??.??"]
[EventType "corr"]

1. e4 Nf6 2. e5 Nd5 3. c4 Nb6 4. d4 d6 5. exd6 exd6 6. d5 Be7 7. Bd3 Na6 8. Bd2
Nc5 9. Bc3 O-O 10. Bc2 Bf6 11. b4 Re8+ 12. Ne2 Na6 13. a3 Nxc4 14. Qd3 b5 15.
Qxh7+ Kf8 16. Bd3 Bxc3+ 17. Nbxc3 Qg5 18. O-O Nd2 19. Bxb5 Bf5 20. h4 Nf3+ 21.
Kh1 Nxh4 22. Qh8+ Ke7 23. Qxe8+ Rxe8 24. Ng3 Rh8 25. Rfe1+ Kd8 26. Kg1 Bg4 27.
Re3 Qh6 28. Rae1 c6 29. Bxa6 Nf5 30. Re4 Qh2+ 0-1

[Event "3MCR_4D_2LB_2S"]
[Site "?"]
[Date "1999.??.??"]
[Round "2"]
[White "Krcmar, Jiri"]
[Black "Humpolak, Jiri"]
[Result "1/2-1/2"]
[WhiteElo "2240"]
[BlackElo "1815"]
[PlyCount "64"]
[EventDate "1999.??.??"]
[EventType "corr"]

1. e4 e5 2. Nf3 Nc6 3. Bb5 a6 4. Bxc6 dxc6 5. Nc3 f6 6. d3 Bg4 7. Be3 Bd6 8.
O-O Ne7 9. h3 Be6 10. d4 exd4 11. Nxd4 Bf7 12. Qg4 Ng6 13. Nf5 Kf8 14. Rfd1 h5
15. Qe2 Ne7 16. Nxd6 cxd6 17. Bf4 d5 18. exd5 Nxd5 19. Nxd5 cxd5 20. c4 d4 21.
Qe4 Qb6 22. Qxd4 Qxd4 23. Rxd4 Rc8 24. Rd7 Kg8 25. b3 b5 26. cxb5 axb5 27. Rad1
Be8 28. Ra7 Kh7 29. Re1 Kg6 30. Ree7 Rg8 31. Bc7 Bc6 32. a4 bxa4 1/2-1/2

[Event "3MCR_4D_2LB_2S"]
[Site "?"]
[Date "1999.??.??"]
[Round "2"]
[White "Novotny, Petr"]
[Black "Rachunek, Milan"]
[Result "1/2-1/2"]
[WhiteElo "2150"]
[BlackElo "2165"]
[PlyCount "68"]
[EventDate "1999.??.??"]
[EventType "corr"]

1. e4 c6 2. d4 d5 3. exd5 cxd5 4. c4 Nf6 5. Nc3 e6 6. c5 Be7 7. Nf3 O-O 8. Bd3
b6 9. b4 Bb7 10. Rb1 Ne4 11. Qc2 f5 12. O-O Bf6 13. Be3 g5 14. Rfc1 g4 15. Ne5
Bxe5 16. dxe5 d4 17. Bxe4 fxe4 18. Rd1 d3 19. Qd2 Nd7 20. Nb5 Nxe5 21. Bh6 Rf5
22. Nd6 Bd5 23. Nxf5 exf5 24. a4 Qf6 25. a5 b5 26. Bg5 Qg6 27. Qf4 Re8 28. a6
Ba8 29. Re1 h6 30. Bh4 Qc6 31. Rb2 Nc4 32. Qxf5 Re6 33. Re3 Nxb2 34. Rg3 Rg6
1/2-1/2

[Event "3MCR_4D_2LB_2S"]
[Site "?"]
[Date "1999.??.??"]
[Round "2"]
[White "Obsivac, Jan"]
[Black "Husak, Antonin"]
[Result "1/2-1/2"]
[WhiteElo "2400"]
[BlackElo "1955"]
[PlyCount "85"]
[EventDate "1999.??.??"]
[EventType "corr"]

1. d4 Nc6 2. Nc3 d5 3. Bf4 Bf5 4. e4 Bxe4 5. Nxe4 dxe4 6. d5 Nb4 7. c4 Qd7 8.
a3 Na6 9. f3 Nf6 10. fxe4 Nxe4 11. Bd3 Nf6 12. Nf3 O-O-O 13. Ne5 Qe8 14. b4 e6
15. O-O Bd6 16. Qf3 Rf8 17. Rfe1 Qe7 18. Rac1 Nb8 19. Qe3 a6 20. Bc2 h6 21.
dxe6 Bxe5 22. Bxe5 fxe6 23. Bc3 e5 24. Qh3+ Nbd7 25. Bxe5 Qf7 26. b5 Kb8 27.
Bxc7+ Kxc7 28. Qg3+ Kb6 29. Bg6 Qg8 30. c5+ Ka7 31. b6+ Nxb6 32. cxb6+ Ka8 33.
Rc7 Qd5 34. Qc3 Qd6 35. Qb4 Qxb4 36. axb4 Kb8 37. Rxg7 Rd6 38. Rge7 Rxb6 39.
R7e6 Rxe6 40. Rxe6 Nd5 41. g3 Rf6 42. Rxf6 Nxf6 43. Kf2 1/2-1/2

[Event "3MCR_4D_2LB_2S"]
[Site "?"]
[Date "1999.??.??"]
[Round "2"]
[White "Svarc, Roman"]
[Black "Postupa, Pavel"]
[Result "1-0"]
[WhiteElo "2050"]
[BlackElo "1910"]
[PlyCount "41"]
[EventDate "1999.??.??"]
[EventType "corr"]

1. c4 b6 2. Nc3 Bb7 3. e4 e6 4. Nf3 c5 5. Bd3 d6 6. Bc2 Nd7 7. d4 cxd4 8. Nxd4
a6 9. O-O Be7 10. b3 Qc7 11. a4 Bf6 12. Ba3 Nc5 13. Rc1 Ne7 14. f4 Rd8 15. b4
g6 16. Nde2 Nd7 17. Qd3 O-O 18. Rcd1 Ne5 19. fxe5 Bxe5 20. Bb3 Ba8 21. b5 1-0

[Event "3MCR_4D_2LB_2S"]
[Site "?"]
[Date "1999.??.??"]
[Round "2"]
[White "Canibal, Jaromir"]
[Black "Veselsky, Michal"]
[Result "1-0"]
[WhiteElo "2005"]
[BlackElo "1600"]
[PlyCount "67"]
[EventDate "1999.??.??"]
[EventType "corr"]

1. e4 Nf6 2. e5 Nd5 3. d4 d6 4. c4 Nb6 5. f4 dxe5 6. fxe5 Bf5 7. Nc3 e6 8. Nf3
Be7 9. Be2 O-O 10. O-O f6 11. Be3 fxe5 12. Nxe5 N8d7 13. Nf3 h6 14. c5 Nd5 15.
Nxd5 exd5 16. Qb3 Nf6 17. Qxb7 Rb8 18. Qxa7 Rxb2 19. Bd1 Ng4 20. Bc1 Rb4 21.
Qa5 Qb8 22. h3 Nf6 23. Ne5 Rb5 24. Qa6 Rb1 25. Nc6 Qe8 26. Rxb1 Bxb1 27. Bf4
Qd7 28. Qb7 Bxa2 29. Qxc7 Qxc7 30. Bxc7 Re8 31. Ba4 Ne4 32. Nxe7+ Rxe7 33. Bd6
Rf7 34. Rxf7 1-0

[Event "3MCR_4D_2LB_2S"]
[Site "?"]
[Date "1999.??.??"]
[Round "2"]
[White "Canibal, Jaromir"]
[Black "Novotny, Petr"]
[Result "1/2-1/2"]
[WhiteElo "2005"]
[BlackElo "2150"]
[PlyCount "100"]
[EventDate "1999.??.??"]
[EventType "corr"]

1. e4 e5 2. Nf3 Nc6 3. Bb5 a6 4. Ba4 Nf6 5. O-O Be7 6. Re1 b5 7. Bb3 d6 8. c3
O-O 9. h3 Na5 10. Bc2 c5 11. d4 Qc7 12. d5 Nc4 13. Nbd2 Nxd2 14. Bxd2 Nd7 15.
a4 Bb7 16. Qe2 c4 17. axb5 axb5 18. Be3 f5 19. Ng5 Bxg5 20. Bxg5 fxe4 21. Rxa8
Rxa8 22. Qxe4 g6 23. Rd1 Nb6 24. Qg4 Bxd5 25. Be3 Bf7 26. Be4 Re8 27. Qh4 Na4
28. Bh6 Nc5 29. Qf6 Ne6 30. Be3 Nc5 31. Bxc5 dxc5 32. Bc6 Qe7 33. Qf3 Rd8 34.
Bxb5 Rxd1+ 35. Qxd1 Qb7 36. Qa4 Qe4 37. Qa1 Kg7 38. Qc1 h6 39. Qf1 h5 40. Ba4
Bd5 41. Bd1 Qb1 42. Qe2 Kf6 43. Qc2 Qxc2 44. Bxc2 h4 45. f3 g5 46. Kf2 Be6 47.
Ke3 Bf7 48. Be4 Ke6 49. Kd2 Kd6 50. Ke3 Ke6 1/2-1/2

[Event "3MCR_4D_2LB_2S"]
[Site "?"]
[Date "1999.??.??"]
[Round "2"]
[White "Postupa, Pavel"]
[Black "Cakl, Zdenek"]
[Result "0-1"]
[WhiteElo "1910"]
[BlackElo "2000"]
[PlyCount "58"]
[EventDate "1999.??.??"]
[EventType "corr"]

1. e4 c5 2. f4 d5 3. exd5 Nf6 4. Bb5+ Nbd7 5. c4 a6 6. Ba4 b5 7. cxb5 Nxd5 8.
Nf3 g6 9. Nc3 N5b6 10. d4 Nxa4 11. Qxa4 Bg7 12. dxc5 Nxc5 13. Qc4 Nd3+ 14. Ke2
Nxc1+ 15. Rhxc1 O-O 16. Rd1 Qa5 17. Kf2 Be6 18. Qd3 axb5 19. Nd4 Bg4 20. Rd2
Rfd8 21. Qe3 Qb6 22. Nde2 Qxe3+ 23. Kxe3 Rxd2 24. Kxd2 b4 25. Nd1 e5 26. fxe5
Bxe5 27. h3 Bd7 28. a3 Bb5 29. Rb1 Rd8+ 0-1

[Event "3MCR_4D_2LB_2S"]
[Site "?"]
[Date "1999.??.??"]
[Round "2"]
[White "Zelinka, Jiri"]
[Black "Nigrin, Jiri"]
[Result "1-0"]
[WhiteElo "2000"]
[BlackElo "1945"]
[PlyCount "77"]
[EventDate "1999.??.??"]
[EventType "corr"]

1. d4 Nf6 2. c4 e5 3. dxe5 Ng4 4. Nf3 Nc6 5. Bf4 Bb4+ 6. Nbd2 d6 7. Bg5 f6 8.
exf6 Nxf6 9. a3 Bxd2+ 10. Nxd2 Qe7 11. e3 Be6 12. Be2 O-O 13. O-O h6 14. Bh4
Rad8 15. Qc2 Qf7 16. Ne4 g5 17. Nxf6+ Qxf6 18. Bg3 Rd7 19. Rad1 Ne7 20. b4 Nf5
21. c5 Nxg3 22. fxg3 Qe5 23. cxd6 cxd6 24. Qg6+ Rg7 25. Rxf8+ Kxf8 26. Qd3 Re7
27. Qxd6 Qxe3+ 28. Kf1 Bd5 29. Qxh6+ Kg8 30. Qg6+ Rg7 31. Qc2 Rf7+ 32. Bf3 Qe6
33. Qc5 Bxf3 34. Qxg5+ Kh7 35. gxf3 Rxf3+ 36. Kg1 Rxa3 37. Rc1 Qd7 38. Qe5 Kg6
39. h4 1-0

[Event "3MCR_4D_2LB_2S"]
[Site "?"]
[Date "1999.??.??"]
[Round "2"]
[White "Nigrin, Jiri"]
[Black "Husak, Antonin"]
[Result "0-1"]
[WhiteElo "1945"]
[BlackElo "1955"]
[PlyCount "86"]
[EventDate "1999.??.??"]
[EventType "corr"]

1. e4 c5 2. f4 Nc6 3. Nf3 g6 4. Bb5 Bg7 5. Bxc6 bxc6 6. d3 d6 7. Nc3 Rb8 8. O-O
Nf6 9. Qe1 O-O 10. b3 Ng4 11. Bb2 f5 12. e5 Rb4 13. h3 Rxf4 14. hxg4 fxg4 15.
Nh2 Rxf1+ 16. Nxf1 Bxe5 17. Nd1 Bd4+ 18. Bxd4 cxd4 19. Nf2 e5 20. Rd1 Be6 21.
Rd2 Qh4 22. g3 Qe7 23. Re2 c5 24. Ne4 h5 25. Rf2 d5 26. Rxf8+ Kxf8 27. Qf2+ Bf7
28. Ned2 e4 29. dxe4 dxe4 30. Nc4 Kg7 31. Qe2 Bd5 32. c3 Bxc4 33. Qxc4 e3 34.
Qe2 Qe4 35. cxd4 cxd4 36. b4 Qf3 37. Qe1 e2 38. Nd2 Qe3+ 39. Kg2 g5 40. Nb3
Qf3+ 41. Kg1 d3 42. Qf2 h4 43. Qd4+ Kg6 0-1

[Event "3MCR_4D_2LB_2S"]
[Site "?"]
[Date "1999.??.??"]
[Round "2"]
[White "Necesany, Zdenek"]
[Black "Postupa, Pavel"]
[Result "1-0"]
[WhiteElo "2260"]
[BlackElo "1910"]
[PlyCount "59"]
[EventDate "1999.??.??"]
[EventType "corr"]

1. d4 Nf6 2. c4 e6 3. Nc3 Bb4 4. Bg5 h6 5. Bh4 c5 6. d5 d6 7. f3 Bxc3+ 8. bxc3
e5 9. e4 Nbd7 10. Bd3 Nf8 11. Ne2 Ng6 12. Bf2 h5 13. h4 Ng8 14. Qd2 Qf6 15.
O-O-O Bd7 16. Be3 Qe7 17. g3 O-O-O 18. Kb2 Kc7 19. Bc2 Rf8 20. Bxc5 b6 21. Ba3
Kb7 22. Rb1 f5 23. Ka1 f4 24. c5 dxc5 25. d6 Qd8 26. gxf4 Nxf4 27. Nxf4 Rxf4
28. Qd5+ Bc6 29. Qxe5 Qf6 30. Qxc5 1-0

[Event "3MCR_4D_2LB_2S"]
[Site "?"]
[Date "1999.??.??"]
[Round "2"]
[White "Rachunek, Milan"]
[Black "Necesany, Zdenek"]
[Result "1-0"]
[WhiteElo "2165"]
[BlackElo "2260"]
[PlyCount "75"]
[EventDate "1999.??.??"]
[EventType "corr"]

1. d4 d5 2. c4 c6 3. Nc3 Nf6 4. Nf3 e6 5. Bg5 h6 6. Bh4 dxc4 7. e4 g5 8. Bg3 b5
9. Qc2 Bb7 10. Be2 g4 11. Nd2 h5 12. O-O-O Na6 13. a3 h4 14. Be5 Rg8 15. g3 Nd7
16. Bf4 Nb6 17. e5 Nd5 18. Nde4 Nac7 19. f3 gxf3 20. Bxf3 hxg3 21. hxg3 Qd7 22.
Rh7 O-O-O 23. Bh5 Rg7 24. Nd6+ Kb8 25. Rxg7 Bxg7 26. Nxd5 cxd5 27. Nxf7 Rc8 28.
Qg6 Bf8 29. Nd6 Rd8 30. Bg5 Be7 31. Bxe7 Qxe7 32. Rf1 Rh8 33. Rf7 Qd8 34. Qg7
Rg8 35. Nxb7 Kxb7 36. Rxc7+ Qxc7 37. Qxg8 Qb6 38. Qf7+ 1-0

[Event "3MCR_4D_2LB_2S"]
[Site "?"]
[Date "1999.??.??"]
[Round "2"]
[White "Nigrin, Jiri"]
[Black "Rachunek, Milan"]
[Result "1/2-1/2"]
[WhiteElo "1945"]
[BlackElo "2165"]
[PlyCount "74"]
[EventDate "1999.??.??"]
[EventType "corr"]

1. e4 c6 2. d4 d5 3. exd5 cxd5 4. c4 Nf6 5. Nc3 e6 6. Nf3 Bb4 7. cxd5 Nxd5 8.
Bd2 Nc6 9. Bd3 O-O 10. O-O Be7 11. Nxd5 Qxd5 12. Bc3 b6 13. Qc2 f5 14. Qe2 Bf6
15. Rfe1 Qd6 16. Bc4 Nd8 17. a3 a5 18. Rad1 Bb7 19. Bxe6+ Nxe6 20. Qxe6+ Qxe6
21. Rxe6 Bxf3 22. gxf3 Rab8 23. d5 Bxc3 24. bxc3 Rfe8 25. Rxe8+ Rxe8 26. Rb1
Rc8 27. d6 Rxc3 28. Rxb6 Kf7 29. Rb7+ Ke6 30. d7 Ke7 31. d8=Q+ Kxd8 32. Kg2 Rc7
33. Rb5 g6 34. Rxa5 Ke7 35. Ra8 Kf6 36. a4 Rc4 37. a5 Ra4 1/2-1/2

[Event "3MCR_4D_2LB_2S"]
[Site "?"]
[Date "1999.??.??"]
[Round "2"]
[White "Krcmar, Jiri"]
[Black "Rachunek, Milan"]
[Result "1/2-1/2"]
[WhiteElo "2240"]
[BlackElo "2165"]
[PlyCount "78"]
[EventDate "1999.??.??"]
[EventType "corr"]

1. e4 c6 2. c4 d5 3. exd5 cxd5 4. cxd5 Nf6 5. Bb5+ Bd7 6. Bc4 Qc7 7. d3 b5 8.
Bb3 a5 9. Nc3 a4 10. Bc2 b4 11. Ne4 Nxd5 12. Nf3 e6 13. O-O Be7 14. Bg5 Bxg5
15. Nexg5 O-O 16. Rc1 h6 17. d4 Nc6 18. Ne4 a3 19. bxa3 Rxa3 20. Bb3 Qa7 21.
Ne5 Na5 22. Bxd5 exd5 23. Nxd7 Qxd7 24. Nc5 Qf5 25. Na6 b3 26. axb3 Nxb3 27.
Rc3 Rxa6 28. Qxb3 Rfa8 29. Qc2 Qxc2 30. Rxc2 Ra4 31. Rd1 Rxd4 32. Rcc1 Rxd1+
33. Rxd1 Ra5 34. Kf1 f5 35. Rb1 Kf7 36. Rb6 h5 37. h4 Ra4 38. Rd6 Rd4 39. g3
Ke7 1/2-1/2

[Event "3MCR_4D_2LB_2S"]
[Site "?"]
[Date "1999.??.??"]
[Round "2"]
[White "Zelinka, Jiri"]
[Black "Rachunek, Milan"]
[Result "0-1"]
[WhiteElo "2000"]
[BlackElo "2165"]
[PlyCount "78"]
[EventDate "1999.??.??"]
[EventType "corr"]

1. d4 Nf6 2. c4 g6 3. Nc3 Bg7 4. e4 d6 5. Nf3 O-O 6. Be2 e5 7. O-O Nc6 8. d5
Ne7 9. b4 Nh5 10. Re1 f5 11. Ng5 Nf6 12. Bf3 c6 13. Bb2 h6 14. Ne6 Bxe6 15.
dxe6 fxe4 16. Nxe4 Nxe4 17. Rxe4 d5 18. cxd5 cxd5 19. Rxe5 Bxe5 20. Bxe5 Qb6
21. Qd2 Qxe6 22. Re1 Rxf3 23. gxf3 Nf5 24. Bg3 Qf7 25. Rc1 d4 26. Rc7 Qd5 27.
Kg2 Rf8 28. Qd3 Re8 29. a3 a6 30. Bf4 Nh4+ 31. Kg3 Re1 32. Rc1 Rxc1 33. Bxc1
Nf5+ 34. Kg2 Kf7 35. Qe4 Qd7 36. Bd2 b5 37. h3 Qe6 38. Kg1 g5 39. Kf1 Kf6 0-1

[Event "3MCR_4D_2LB_2S"]
[Site "?"]
[Date "1999.??.??"]
[Round "2"]
[White "Humpolak, Jiri"]
[Black "Novotny, Petr"]
[Result "0-1"]
[WhiteElo "1815"]
[BlackElo "2150"]
[PlyCount "76"]
[EventDate "1999.??.??"]
[EventType "corr"]

1. e4 e5 2. Nf3 Nc6 3. Bc4 Bc5 4. c3 Nf6 5. d3 d6 6. h3 O-O 7. Be3 a6 8. O-O b5
9. Bb3 Bxe3 10. fxe3 Na5 11. Bc2 c5 12. d4 Nc4 13. Qe2 Nxb2 14. dxe5 dxe5 15.
Nxe5 Re8 16. Nf3 Nc4 17. Nbd2 Nxd2 18. Nxd2 Qa5 19. c4 Bb7 20. Rf4 Qc3 21. Rc1
Bxe4 22. Nxe4 Nxe4 23. Kh2 Qd2 24. Qf1 Nf6 25. e4 bxc4 26. Bb1 Qd6 27. Kh1 Nh5
28. Rg4 Ng3+ 29. Rxg3 Qxg3 30. Qxc4 Rad8 31. Rf1 Re6 32. e5 Rd2 33. Qe4 g6 34.
Qb7 Re7 35. Qa8+ Kg7 36. Be4 Qxe5 37. Bf3 Rxa2 38. Bd5 Ra1 0-1

[Event "3MCR_4D_2LB_2S"]
[Site "?"]
[Date "1999.??.??"]
[Round "2"]
[White "Veselsky, Michal"]
[Black "Novotny, Petr"]
[Result "0-1"]
[WhiteElo "1600"]
[BlackElo "2150"]
[PlyCount "73"]
[EventDate "1999.??.??"]
[EventType "corr"]

1. e4 e5 2. f4 Bc5 3. Nf3 d6 4. Bc4 Nf6 5. Nc3 Nc6 6. d3 Bg4 7. h3 Bxf3 8. Qxf3
Nd4 9. Qg3 Nxc2+ 10. Kd1 Nh5 11. Qg4 Nxa1 12. fxe5 g6 13. Bg5 Qc8 14. e6 f6 15.
Qf3 c6 16. g4 d5 17. exd5 fxg5 18. dxc6 bxc6 19. Qf7+ Kd8 20. gxh5 Rf8 21. Qxh7
Qc7 22. Qxg6 Be7 23. d4 Qf4 24. Qe4 Rb8 25. Qxc6 Qxd4+ 26. Kc1 Rf2 27. Be2 Rxe2
28. Nxe2 Qxb2+ 29. Kd1 Qb5 30. Qxb5 Rxb5 31. Kd2 Rd5+ 32. Kc1 Bf6 33. Rd1 Bb2+
34. Kxb2 Rxd1 35. h6 Ke7 36. Ng3 Kxe6 37. h7 0-1

[Event "3MCR_4D_2LB_2S"]
[Site "?"]
[Date "1999.??.??"]
[Round "2"]
[White "Novotny, Petr"]
[Black "Nigrin, Jiri"]
[Result "1-0"]
[WhiteElo "2150"]
[BlackElo "1945"]
[PlyCount "111"]
[EventDate "1999.??.??"]
[EventType "corr"]

1. e4 c5 2. Nf3 Nc6 3. d4 cxd4 4. Nxd4 Nf6 5. Nc3 e5 6. Ndb5 d6 7. Bg5 a6 8.
Na3 b5 9. Bxf6 gxf6 10. Nd5 f5 11. Bd3 Be6 12. Qh5 Rg8 13. g3 Rg4 14. f4 exf4
15. Nxf4 Qa5+ 16. Kd1 O-O-O 17. exf5 Rxf4 18. gxf4 b4 19. Nc4 Qc5 20. Nd2 Nd4
21. Ne4 Qd5 22. Ng3 Bd7 23. Be4 Qc4 24. f6 Ba4 25. Rc1 d5 26. b3 Qc7 27. Bxh7
Bd7 28. Ne2 Nxe2 29. Qxe2 Qc6 30. Bd3 Kb7 31. h3 Qxf6 32. Qe5 Qxe5 33. fxe5 Bh6
34. Rb1 Re8 35. Rf1 Be6 36. Bf5 Kc6 37. Bxe6 fxe6 38. Rf7 Rg8 39. Rf6 Rg1+ 40.
Ke2 Rxb1 41. Rxe6+ Kc5 42. Rxh6 Rh1 43. Rh7 Kd4 44. e6 Rh2+ 45. Kd1 Rh1+ 46.
Kd2 Rh2+ 47. Kc1 Rh1+ 48. Kb2 Re1 49. e7 Kc5 50. h4 Kd6 51. h5 Kd7 52. h6 Re6
53. c4 Re2+ 54. Kc1 dxc4 55. bxc4 Re6 56. Kc2 1-0

[Event "3MCR_4D_2LB_2S"]
[Site "?"]
[Date "1999.??.??"]
[Round "2"]
[White "Cakl, Zdenek"]
[Black "Novotny, Petr"]
[Result "0-1"]
[WhiteElo "2000"]
[BlackElo "2150"]
[PlyCount "84"]
[EventDate "1999.??.??"]
[EventType "corr"]

1. Nf3 d5 2. b3 Nf6 3. Bb2 Bg4 4. e3 e6 5. Be2 Nbd7 6. O-O Bd6 7. c4 dxc4 8.
bxc4 O-O 9. Nc3 Re8 10. d4 e5 11. Nb5 exd4 12. Nxd6 cxd6 13. Qxd4 Ne5 14. Rfd1
Re6 15. c5 Bxf3 16. Bxf3 Nxf3+ 17. gxf3 Ne8 18. Kh1 Rg6 19. Rac1 Qc8 20. Rg1
dxc5 21. Rxc5 Qh3 22. Qe4 Rd8 23. Rd5 Rc8 24. Rdd1 Rxg1+ 25. Kxg1 b5 26. Rd2 b4
27. Rd4 a5 28. Rd5 a4 29. Qxb4 Qxf3 30. Rd2 Ra8 31. a3 Qf5 32. Bc3 h6 33. Rd4
Nf6 34. h4 Rc8 35. Bd2 Nd7 36. Rf4 Qc2 37. Qb7 Ne5 38. Bb4 g5 39. hxg5 hxg5 40.
Rd4 Qf5 41. Kf1 Rc1+ 42. Kg2 Rc6 0-1

[Event "3MCR_4D_2LB_2S"]
[Site "?"]
[Date "1999.??.??"]
[Round "2"]
[White "Humpolak, Jiri"]
[Black "Cakl, Zdenek"]
[Result "0-1"]
[WhiteElo "1815"]
[BlackElo "2000"]
[PlyCount "72"]
[EventDate "1999.??.??"]
[EventType "corr"]

1. e4 c5 2. Nf3 Nc6 3. d4 cxd4 4. Nxd4 d6 5. Nc3 g6 6. Be3 Bg7 7. Bc4 Nf6 8.
Nxc6 bxc6 9. Qe2 O-O 10. O-O Ng4 11. Bd2 Qc7 12. h3 Ne5 13. Bb3 a5 14. Qe3 Ba6
15. Rfe1 Nc4 16. Bxc4 Bxc4 17. b3 Ba6 18. Rad1 Rfb8 19. Ne2 a4 20. Bc3 axb3 21.
axb3 Bxc3 22. Qxc3 Bb7 23. Ng3 c5 24. Nf1 Ra2 25. Ne3 Rd8 26. f4 Qa5 27. Qxa5
Rxa5 28. e5 d5 29. Ra1 Rda8 30. Rxa5 Rxa5 31. c4 d4 32. Nd5 Kf8 33. Kf2 Ra3 34.
Rb1 Ra2+ 35. Kg1 e6 36. Nf6 Rxg2+ 0-1

[Event "3MCR_4D_2LB_2S"]
[Site "?"]
[Date "1999.??.??"]
[Round "2"]
[White "Cakl, Zdenek"]
[Black "Zelinka, Jiri"]
[Result "1-0"]
[WhiteElo "2000"]
[BlackElo "2000"]
[PlyCount "83"]
[EventDate "1999.??.??"]
[EventType "corr"]

1. Nf3 Nf6 2. b3 g6 3. Bb2 Bg7 4. e3 O-O 5. Be2 c5 6. O-O Nc6 7. c4 d5 8. d4
cxd4 9. Nxd4 Nxd4 10. Bxd4 Be6 11. c5 b6 12. cxb6 axb6 13. a4 Qd6 14. Nc3 Rfc8
15. Rc1 Ne4 16. Nb5 Qb4 17. Nc7 Bxd4 18. Qxd4 Qxd4 19. exd4 Rab8 20. Ba6 Rd8
21. Nxe6 fxe6 22. Rfe1 Kf7 23. Rc6 Nd6 24. g4 Rd7 25. Re3 Ra7 26. Bf1 Ke8 27.
Rh3 Kd7 28. Rcc3 b5 29. axb5 Ra1 30. Kg2 Rd1 31. Rcd3 Rxd3 32. Bxd3 Nxb5 33.
Rxh7 Nxd4 34. Bxg6 Kd6 35. h4 Rxb3 36. h5 Ne2 37. Rf7 e5 38. h6 Rb8 39. h7 Nf4+
40. Rxf4 exf4 41. g5 Ke5 42. Kf3 1-0

[Event "3MCR_4D_2LB_2S"]
[Site "?"]
[Date "1999.??.??"]
[Round "2"]
[White "Cakl, Zdenek"]
[Black "Veselsky, Michal"]
[Result "1-0"]
[WhiteElo "2000"]
[BlackElo "1600"]
[PlyCount "60"]
[EventDate "1999.??.??"]
[EventType "corr"]

1. Nf3 f5 2. b3 Nf6 3. Bb2 e6 4. g3 d5 5. Bg2 Be7 6. O-O O-O 7. Ne5 Nbd7 8. f4
Qe8 9. e3 h6 10. c4 c6 11. Qe2 g5 12. d3 g4 13. Nd2 Bc5 14. Rac1 Nxe5 15. fxe5
Nd7 16. Rc2 Qe7 17. d4 Bb6 18. cxd5 exd5 19. Qf2 Rf7 20. Rfc1 Qe6 21. Nb1 Nb8
22. Nc3 Na6 23. Ba3 Qe8 24. b4 Bd7 25. b5 Nc7 26. bxc6 bxc6 27. Na4 Qe6 28. Rb2
h5 29. Nc5 Qe8 30. Nxd7 Qxd7 1-0

[Event "3MCR_4D_2LB_2S"]
[Site "?"]
[Date "1999.??.??"]
[Round "2"]
[White "Canibal, Jaromir"]
[Black "Zelinka, Jiri"]
[Result "1/2-1/2"]
[WhiteElo "2005"]
[BlackElo "2000"]
[PlyCount "79"]
[EventDate "1999.??.??"]
[EventType "corr"]

1. e4 c5 2. c3 d5 3. exd5 Qxd5 4. d4 Nf6 5. Nf3 g6 6. Na3 Bg7 7. Bc4 Qe4+ 8.
Be3 O-O 9. O-O cxd4 10. Nxd4 a6 11. Re1 b5 12. Bh6 Qh4 13. Bxg7 Kxg7 14. g3 Qh5
15. Bf1 Ra7 16. c4 bxc4 17. Nxc4 Qd5 18. Nb6 Qa5 19. Nxc8 Rxc8 20. Qe2 Rac7 21.
a3 e6 22. Rad1 Qb6 23. Rd2 Rc1 24. Red1 Rxd1 25. Qxd1 Ne4 26. Re2 Ng5 27. Bg2
e5 28. Nf3 Nxf3+ 29. Bxf3 Rc4 30. Qd5 Rc5 31. Qb7 Qxb7 32. Bxb7 f5 33. Rd2 Rc7
34. Bg2 a5 35. b4 axb4 36. axb4 e4 37. b5 Kf6 38. Bf1 Nd7 39. Be2 Ke5 40. h4
1/2-1/2

[Event "3MCR_4D_2LB_2S"]
[Site "?"]
[Date "1999.??.??"]
[Round "2"]
[White "Cakl, Zdenek"]
[Black "Obsivac, Jan"]
[Result "1-0"]
[WhiteElo "2000"]
[BlackElo "2400"]
[PlyCount "81"]
[EventDate "1999.??.??"]
[EventType "corr"]

1. Nf3 Nf6 2. b3 g6 3. Bb2 Bg7 4. g3 d6 5. Bg2 e5 6. d3 c5 7. O-O Nc6 8. c4 O-O
9. e3 Re8 10. Nc3 a6 11. h3 Rb8 12. Nd2 Be6 13. Nde4 Nxe4 14. Nxe4 f5 15. Nc3
Qd7 16. Kh2 b5 17. Qd2 Rf8 18. Nd5 Ne7 19. f4 Bxd5 20. cxd5 Rbe8 21. fxe5 Bxe5
22. Bxe5 dxe5 23. e4 Qd6 24. Rac1 Rc8 25. Rc2 Rc7 26. Rfc1 Rfc8 27. Qh6 Rf8 28.
h4 b4 29. Rf1 Nc8 30. Bh3 Rf6 31. Qg5 Kh8 32. g4 Rg7 33. Rxc5 Ne7 34. Rc2 Rf8
35. Qe3 g5 36. gxf5 g4 37. Bg2 g3+ 38. Kh3 Qf6 39. Bf3 Rd8 40. Rg1 Rdg8 41. Rc4
1-0

[Event "3MCR_4D_2LB_2S"]
[Site "?"]
[Date "1999.??.??"]
[Round "2"]
[White "Zelinka, Jiri"]
[Black "Obsivac, Jan"]
[Result "1/2-1/2"]
[WhiteElo "2000"]
[BlackElo "2400"]
[PlyCount "71"]
[EventDate "1999.??.??"]
[EventType "corr"]

1. d4 Nf6 2. c4 g6 3. Nc3 Bg7 4. e4 d6 5. Nf3 O-O 6. Be2 e5 7. O-O Na6 8. Be3
Ng4 9. Bg5 Qe8 10. dxe5 dxe5 11. h3 h6 12. Bd2 Nf6 13. Be3 Nh5 14. Re1 Kh7 15.
Qb3 f5 16. exf5 gxf5 17. Nh4 Qe7 18. g3 Qf7 19. Bd3 Kg8 20. Bxf5 Bxf5 21. Qxb7
Bxh3 22. Qxa6 Nf6 23. Qc6 e4 24. Rad1 Rae8 25. Bxa7 Re6 26. Qb7 Rfe8 27. Bc5
Re5 28. Bd4 Bc8 29. Qa7 R5e6 30. Nb5 Rc6 31. b3 Bf8 32. Bxf6 Bc5 33. Rxe4 Rxe4
34. Qa8 Rxf6 35. Qxe4 Bd7 36. Qd5 1/2-1/2